| 000 | 00925nas a2200289Ia 4500 | ||
|---|---|---|---|
| 001 | A05/R042-40763 | ||
| 003 | IT-MiCISF | ||
| 008 | 161014c99999999xx |||||||||||| ||und|| | ||
| 040 |
_aIT-MiCISF _cIT-MiCISF |
||
| 041 | _aINGLESE | ||
| 100 | _aHeaphy Brian | ||
| 210 | _aAgeing and Society | ||
| 222 | _aAgeing and Society | ||
| 240 | _aAgeing in a Non-Heterosexual Context | ||
| 245 | 0 | _aAgeing in a Non-Heterosexual Context | |
| 250 | _a1a ed. | ||
| 260 | _c2004 | ||
| 501 |
_bCISF - Centro Internazionale Studi Famiglia - Via Giotto, 36 20145 MILANO (non commercial uses only) _cCopyright 2016 |
||
| 300 | _app. 881-902 | ||
| 362 | _avol. 26, n. 6, novembre [2004] | ||
| 500 | _a Tema: anziani, omosessualità , coppia, sessualità , rapporti-sociali, amicizia | ||
| 650 |
_aterza età _varticolo |
||
| 700 | _a Thompson Debbie | ||
| 700 | _a Yip Andrew | ||
| 942 | _cCR | ||
| 957 | _71 | ||
| 999 |
_a40763 _bSi _g1 _c251832 _d251832 |
||